000 00451nam a22001577a 4500
999 _c4727
_d4727
008 161125b xxu||||| |||| 00| 0 eng d
020 _a0-273-704224-9
082 _a650 WOR
100 _aWorthington, Ian.-
245 _aThe Business Environment/
_cJan Worthington and Chris Britton.-
_hEnglish.
250 _a5th edition.-
260 _aHarlow:
_bPrentice Hall,
_c2006.
300 _a527p.;
_bIll,
_c27cm.-
650 _2Business
942 _2ddc
_cBOOKS